000 00687nam a22002177a 4500
003 OSt
005 20260306024202.0
008 260306b |||||||| |||| 00| 0 eng d
020 _a981-265-759-2.
040 _aDWCL Main Lib
_cOC
082 _27th ed.
_aCirc. 616.8914 C797t 2006
100 _a Corey, Gerald
245 _aTheory and practice of counseling and psychotherapy
_c Gerald Corey
250 _a c2006.
260 _aSingapore :
_bThomson Learning Asia,
_c c2006.
300 _axviii, 547 p. :
_b ill. ;
_c23 cm.
504 _aIncludes bibliographical references and index.
650 _aCounseling.
650 _aPsychotherapy.
942 _2ddc
_cBK-CIRC
_e7th ed.
_kCirc.
_n0
999 _c8660
_d8660